000 00506nam a2200181Ia 4500
005 20250326124438.0
008 250326s9999 xx 000 0 und d
037 _aTextbook
040 _aFMSL
_beng
_cFMSL
041 _aeng
_2eng
084 _aX:8y7 K7;1
_qFMSL
100 _aAhmed A
_9262255
245 0 _aProblems in management: ASCI case collection: second series
_cAhmed A
260 _aNY
_bNY, Asia
_c1967
300 _a244p
942 _cTB
_hX:8y7 K7;1
999 _c1273728
_d1273728